000 00279nam a2200109Ia 4500
008 200302s9999 xx 000 0 und d
100 _aAlan Spedding
245 _aBuilding Maintenance Economics and Management
260 _bE & F. N. Spon Ltd.
260 _c1987
300 _a410 P.,
999 _c2127
_d2127